| 000 | 00815nam a2200265 i 4500 | ||
|---|---|---|---|
| 001 | 3233794 | ||
| 005 | 20221010093519.0 | ||
| 008 | 790813s1978 enkabcf 001 0 eng | ||
| 010 | _a 79314486 | ||
| 015 | _aGB78-36519 | ||
| 020 |
_a0297774034 : _c£12.50. |
||
| 040 |
_aDLC _cDLC _dDLC |
||
| 043 | _aa-cc--- | ||
| 050 | 0 | 0 |
_aDS721 _b.D358 |
| 082 | 0 | 0 |
_a951 _bDAW |
| 100 | 1 |
_aDawson, Raymond Stanley. _999561 |
|
| 245 | 1 | 4 |
_aThe Chinese experience / _c[by] Raymond Dawson. |
| 260 |
_aLondon : _bWeidenfeld and Nicolson, _c2005. |
||
| 300 |
_axxv, 318 p., [24] p. of plates : _bill., facsim., map, ports. ; _c25 cm. |
||
| 490 | 0 | _aHistory of civilisation | |
| 500 | _aIncludes index. | ||
| 651 | 0 |
_aChina _xCivilization. _912672 |
|
| 906 |
_a7 _bcbc _corignew _d4 _encip _f19 _gy-gencatlg |
||
| 942 |
_2ddc _cBK |
||
| 999 |
_c591577 _d591577 |
||